00329 a2200121 450000100060000008200170000610000170002324500750004025000060011526000260012130000250014750000350017232497 a621.3815 GRA aGray, Paul R aAnalysis and Design of Analog Integrated Circuits, 3rd EdcPaul R Gray a3 aN.YbJohn Wileyc1993 axiv, 806pbphotocopy aBE textbook Avionics Engg dept